000 00608nam a2200133 a 4500
001 000043029
005 20201002040603.0
008 140218s1983 dr 000 0 spa d
040 _aDO-SdBNP
_bspa
_cBNPHU
111 2 _aConferencia internacional sobre la anticoncepción quirurgica voluntaria
_n(5:
_d1983: 5-8 dic.
_cSanto Domingo )
_970557
245 1 0 _aAtención de las necesidades del decenio de 1980 :
_bInforme de la quinta conferencia internacional sobre la anticoncepción quirurgica voluntaria.
260 _aSanto Domingo :
_bFederación Mundial de Agencias de Salud,
_c1983.
300 _a153 p. ;
_c24 cm.
999 _c42518
_d42518